000 00474nam a2200121Ia 4500
008 160712s9999 xx 000 0 und d
100 _aRecio, Redento B.
245 _cRedento B. Recio
_aEngaging the ‘Ungovernable’: Urban Informality Issues and Insights for Planning
260 _c2015
_bJournal in Urban and Regional Planning
300 _avol. 2 no. 1
650 _xURBAN PLANNING
856 _uhttp://journals.upd.edu.ph/index.php/19May2014_surp/issue/view/490/showToc
999 _c297130
_d297130